15 Largest Cities in Washington - Statistics

General Stats
  • This quiz has been taken 20 times
  • The average score is 8 of 15
Answer Stats
Population City % Correct
787,995 Seattle
100%
230,328 Spokane
93%
222,975 Tacoma
93%
189,191 Vancouver
93%
151,464 Bellevue
60%
106,316 Spokane Valley
60%
97,864 Bellingham
53%
112,636 Everett
53%
93,904 Yakima
47%
134,074 Kent
40%
89,300 Kennewick
33%
85,408 Redmond
27%
101,643 Renton
27%
94,978 Federal Way
13%
102,313 Kirkland
13%
No matching quizzes found
Score Distribution
Percent of People with Each Score
Percentile by Number Answered
Your Score History
You have not taken this quiz